000 00339nam a22001457a 4500
999 _c8908
_d8908
003 OSt
008 200713b ||||| |||| 00| 0 eng d
100 _aKokare , Chandrakant
245 _aResearch Methodology
250 _a4th,2018
260 _aNew Delhi
_bNirali
300 _aMisc
650 _aPharmacy General Books
942 _2ddc
_cBK